[Event "Cto Aragon Equipos Pref Gr II"]
[Site "Aragon"]
[Date "2018.03.03"]
[Round "6.58"]
[White "Lebron Duran, Jose Maria"]
[Black "Planas Torrea, Alberto"]
[Result "0-1"]
[WhiteElo "1835"]
[BlackElo "1941"]
[PlyCount "90"]
[EventDate "2018.??.??"]
[EventType "tourn"]
[EventRounds "9"]
[EventCountry "ESP"]
[WhiteTeam "Dr. Azua"]
[BlackTeam "Ejea"]

1. e4 e5 2. Nf3 Nc6 3. c3 Nf6 4. d4 exd4 5. e5 Ne4 6. Qe2 Nc5 7. cxd4 Na6 8. a3
Ncb8 9. Nc3 Be7 10. Qe4 c6 11. Bf4 O-O 12. Bd3 g6 13. O-O d5 14. Qe3 Nc7 15.
Bh6 Re8 16. Ng5 f6 17. exf6 Bxf6 18. Qf4 Ne6 19. Nxe6 Bxe6 20. Rae1 Nd7 21. Re2
Qb8 22. Qd2 Qd6 23. Bb1 Bf7 24. Rfe1 Rxe2 25. Rxe2 Re8 26. Bf4 Rxe2 27. Nxe2
Qe7 28. Ng3 Nf8 29. Be3 Ne6 30. f4 Nxd4 31. h3 Nb3 32. Qd3 d4 33. Bf2 c5 34.
Qf3 Nd2 35. Qd1 Nxb1 36. Qxb1 Bd5 37. Qd1 Qe6 38. f5 gxf5 39. Qh5 Be4 40. Qh6
Qe7 41. Qh5 Qf7 42. Qd1 Bg7 43. Nh5 b6 44. Bh4 d3 45. Qd2 Qxh5 0-1

[Event "Cto Aragon Equipos Pref Gr II"]
[Site "Aragon"]
[Date "2018.03.03"]
[Round "6.59"]
[White "Marcellan Peire, Jesus Eduardo"]
[Black "Garcia Garcia, Enrique"]
[Result "1/2-1/2"]
[WhiteElo "1934"]
[BlackElo "1726"]
[PlyCount "14"]
[EventDate "2018.??.??"]
[EventType "tourn"]
[EventRounds "9"]
[EventCountry "ESP"]
[WhiteTeam "Ejea"]
[BlackTeam "Dr. Azua"]

1. d4 Nf6 2. c4 e6 3. Nf3 d5 4. Nc3 c6 5. cxd5 exd5 6. Bg5 Nbd7 7. a4 (7. a3
Be7 8. e3 O-O 9. Bd3 h6 10. Bh4 Re8 11. O-O Ne4 12. Bxe7 Qxe7 13. Qc2 a5 14.
Rac1 Ndf6 15. Ne5 Ng4 16. Bxe4 dxe4 17. Nxg4 Bxg4 18. Ne2 Bxe2 19. Qxe2 Red8
20. Rc5 Rd6 21. Rfc1 Qd7 22. Re5 Re6 23. Qg4 Qd6 24. Qxe4 Rae8 25. Rxe6 Rxe6
26. Qf5 b6 27. g3 g6 28. Qh3 Kg7 29. Qg2 f5 30. Qf1 Qd5 31. Qd3 Kf6 32. Qc3 Kf7
33. b4 axb4 34. axb4 Qf3 35. Ra1 g5 36. d5 Qxd5 37. Qh8 Kg6 38. Qg8+ Kh5 39.
Qf7+ Rg6 40. Qxd5 cxd5 41. Rc1 Rd6 42. b5 d4 43. exd4 Rxd4 44. Rc6 f4 45. h3
Rd1+ 46. Kg2 fxg3 47. Kxg3 Rd3+ 48. Kg2 Rb3 49. Rxb6 g4 50. hxg4+ Kxg4 51. Rxh6
Rxb5 52. f3+ Kg5 53. Re6 Rb4 54. Kg3 Kf5 55. Re8 Rb3 56. Rf8+ Kg5 57. Rf4 Rb1
58. Rg4+ Kf5 59. Rf4+ Kg5 60. Rg4+ Kf5 61. Rf4+) 7... Be7 1/2-1/2

[Event "Cto Aragon Equipos Pref Gr II"]
[Site "Aragon"]
[Date "2018.03.03"]
[Round "6.60"]
[White "Abenia Porroche, Roberto"]
[Black "Merin Flores, Miguel Angel"]
[Result "0-1"]
[WhiteElo "1681"]
[BlackElo "1737"]
[PlyCount "100"]
[EventDate "2018.??.??"]
[EventType "tourn"]
[EventRounds "9"]
[EventCountry "ESP"]
[WhiteTeam "Dr. Azua"]
[BlackTeam "Ejea"]

1. Nf3 d6 2. d4 Nd7 3. Bf4 Ngf6 4. g3 Nd5 5. Bd2 g6 6. a4 Bg7 7. e4 N5f6 8. Qe2
O-O 9. Bg2 e5 10. dxe5 dxe5 11. O-O b6 12. a5 Bb7 13. Ne1 Re8 14. Nd3 c5 15.
Nc3 Nf8 16. Rfd1 Ba6 17. axb6 axb6 18. Be3 Bxd3 19. cxd3 Ne6 20. Rdc1 Nd4 21.
Bxd4 Qxd4 22. Qc2 Red8 23. Bf1 h5 24. h3 Kh7 25. Qb3 Rab8 26. Qxf7 Rf8 27. Qc4
Qd7 28. Ra6 Ng8 29. Qd5 Qe7 30. Qb3 Qf6 31. Qc2 Rb7 32. Nd5 Qd8 33. Rca1 Nf6
34. Ne3 Rbf7 35. Ra7 Nd7 36. Nd1 Qf6 37. Qe2 Qg5 38. Qe3 Qe7 39. Kg2 Bh6 40.
Qe2 Qd6 41. Ra8 Qf6 42. Rxf8 Nxf8 43. Ne3 Ne6 44. Nd5 Qg5 45. h4 Qd8 46. Qd1
Nd4 47. Qa4 Qf8 48. Qa8 Rxf2+ 49. Kg1 Rxf1+ 50. Kg2 Qf3+ 0-1

[Event "Cto Aragon Equipos Pref Gr II"]
[Site "Aragon"]
[Date "2018.03.03"]
[Round "6.63"]
[White "Ainsa Claver, Ignacio"]
[Black "Rodes Apilluelo, Jose Maria"]
[Result "0-1"]
[WhiteElo "1927"]
[BlackElo "1976"]
[PlyCount "92"]
[EventDate "2018.??.??"]
[EventType "tourn"]
[EventRounds "9"]
[EventCountry "ESP"]
[WhiteTeam "Sabiñanigo"]
[BlackTeam "St Casablanca C"]

1. c4 Nf6 2. Nc3 g6 3. g3 Bg7 4. Bg2 O-O 5. e4 d6 6. Nge2 c5 7. O-O Nc6 8. d3
a6 9. h3 Rb8 10. a4 Bd7 11. f4 Ne8 12. f5 b5 13. fxg6 hxg6 14. axb5 axb5 15.
Nxb5 Nb4 16. Nbc3 Nc7 17. Be3 Ne6 18. Qd2 Nd4 19. Bxd4 cxd4 20. Nd5 Nxd5 21.
exd5 Qb6 22. Rfb1 Qb3 23. Nc1 Qb4 24. Qxb4 Rxb4 25. Ra7 Rd8 26. b3 Bf6 27. Na2
Rbb8 28. b4 Bf5 29. Bf1 Kg7 30. g4 Bd7 31. Rb3 Bg5 32. b5 f5 33. Be2 fxg4 34.
hxg4 Be3+ 35. Kg2 Rf8 36. Bf3 Rxf3 37. Kxf3 Rf8+ 38. Kg3 Bf4+ 39. Kg2 Bxg4 40.
Rxe7+ Kf6 41. Re4 Kg5 42. Rxf4 Kxf4 43. Nc1 Rh8 44. b6 Bf3+ 45. Kf2 Rh2+ 46.
Ke1 Ke3 0-1

[Event "Cto Aragon Equipos Pref Gr II"]
[Site "Aragon"]
[Date "2018.03.03"]
[Round "6.64"]
[White "Alvarez Gonzalo, Miguel Angel"]
[Black "Escartin Buisan, Francisco Javie"]
[Result "0-1"]
[WhiteElo "1825"]
[BlackElo "1788"]
[PlyCount "60"]
[EventDate "2018.??.??"]
[EventType "tourn"]
[EventRounds "9"]
[EventCountry "ESP"]
[WhiteTeam "St Casablanca C"]
[BlackTeam "Sabiñanigo"]

1. c4 c5 2. g3 g6 3. Bg2 Bg7 4. Nc3 Nc6 5. e3 e5 6. Nge2 Nge7 7. O-O a6 8. Rb1
O-O 9. a3 Rb8 10. b4 b6 11. b5 axb5 12. Nxb5 d5 13. cxd5 Nxd5 14. Nec3 Be6 15.
Na4 Nde7 16. Nbc3 Nd5 17. Bb2 Nxc3 18. Bxc3 Ne7 19. Qc2 Qd6 20. Rfd1 b5 21.
Nxc5 Qxc5 22. Qb2 f6 23. Bb4 Qc7 24. Rbc1 Qd8 25. d4 exd4 26. Rxd4 f5 27. Rxd8
Bxb2 28. Rxf8+ Kxf8 29. Bxe7+ Kxe7 30. Rc7+ Kf6 0-1

[Event "Cto Aragon Equipos Pref Gr II"]
[Site "Aragon"]
[Date "2018.03.03"]
[Round "6.65"]
[White "Veras Sanz, Marino"]
[Black "Colom Sienes, Eduardo"]
[Result "1-0"]
[WhiteElo "2090"]
[BlackElo "2089"]
[PlyCount "53"]
[EventDate "2018.??.??"]
[EventType "tourn"]
[EventRounds "9"]
[EventCountry "ESP"]
[WhiteTeam "El Olivar B"]
[BlackTeam "Palacio de Pioneros B"]

1. Nf3 Nf6 2. g3 g6 3. Bg2 Bg7 4. O-O O-O 5. d4 d6 6. c4 c5 7. Nc3 Nc6 8. d5
Na5 9. Nd2 a6 10. Qc2 Bd7 11. e4 b5 12. b3 bxc4 13. bxc4 Ng4 14. Bb2 f5 15. Ne2
Bxb2 16. Qxb2 Ne5 17. Qc2 fxe4 18. Bxe4 Bh3 19. Nf4 Rxf4 20. gxf4 Qd7 21. fxe5
Bxf1 22. e6 Qe8 23. Kxf1 Qf8 24. Ke2 Qf4 25. Rg1 Rf8 26. Rg2 Rf6 27. Qa4 1-0

[Event "Cto Aragon Equipos Pref Gr II"]
[Site "Aragon"]
[Date "2018.03.03"]
[Round "6.66"]
[White "Zambrana Petisme, Ramiro"]
[Black "Gracia Campo, Carlos Alberto"]
[Result "1-0"]
[WhiteElo "2066"]
[BlackElo "2058"]
[PlyCount "97"]
[EventDate "2018.??.??"]
[EventType "tourn"]
[EventRounds "9"]
[EventCountry "ESP"]
[WhiteTeam "Palacio de Pioneros B"]
[BlackTeam "El Olivar B"]

1. e4 d6 2. d4 Nf6 3. Nc3 g6 4. f4 Bg7 5. Nf3 O-O 6. e5 dxe5 7. fxe5 Nd5 8. Bc4
Nb6 9. Bb3 Nc6 10. a4 a5 11. h3 h6 12. O-O Kh7 13. Bf4 Nb4 14. Qe2 Be6 15. Bxe6
fxe6 16. Bg3 N4d5 17. Ne4 Nf4 18. Bxf4 Rxf4 19. Nfg5+ Kg8 20. Rxf4 Qxd4+ 21.
Qf2 Qxb2 22. Rf1 Nd5 23. c4 Qxf2+ 24. R4xf2 Ne3 25. Re1 Nxc4 26. Nxe6 Bxe5 27.
Rc2 Nb6 28. N4c5 Bd6 29. Re4 Nd5 30. Nxb7 Bb4 31. Nf4 Nc3 32. Rc4 g5 33. Nd3
Nd5 34. Nxb4 axb4 35. Rd2 e6 36. Nc5 Kf7 37. Ra2 Ra5 38. Nb3 Ra7 39. a5 Ke7 40.
Re2 Kd6 41. Rce4 Nf4 42. Rd2+ Ke7 43. Rxb4 Nd5 44. Re4 c6 45. g3 Rb7 46. Rxe6+
Kf7 47. Rxc6 Ne7 48. Rb6 Rc7 49. a6 1-0

[Event "Cto Aragon Equipos Pref Gr II"]
[Site "Aragon"]
[Date "2018.03.03"]
[Round "6.67"]
[White "Sanmartin Agustin, Borja"]
[Black "Gomez Salinas, Nestor"]
[Result "1-0"]
[WhiteElo "1991"]
[BlackElo "1976"]
[PlyCount "91"]
[EventDate "2018.??.??"]
[EventType "tourn"]
[EventRounds "9"]
[EventCountry "ESP"]
[WhiteTeam "El Olivar B"]
[BlackTeam "Palacio de Pioneros B"]

1. e4 c5 2. Nf3 d6 3. d4 cxd4 4. Qxd4 a6 5. Bg5 Nc6 6. Qc3 Bd7 7. Bc4 b5 8. Bd5
Rc8 9. Qb3 Be6 10. Bxe6 fxe6 11. c3 h6 12. Qxe6 hxg5 13. Nxg5 Nh6 14. O-O Ne5
15. f4 Neg4 16. Qg6+ Kd7 17. Qe6+ Kc7 18. Nd2 Kb8 19. Nb3 Qb6+ 20. Nd4 Rc4 21.
Rfd1 Ne3 22. Rd2 Nhg4 23. h3 Rxd4 24. cxd4 Nc4 25. Rc1 Qb7 26. hxg4 Nxd2 27.
Nf7 Rh6 28. Nxh6 gxh6 29. Qg8 Nc4 30. Qxf8+ Ka7 31. d5 Qb6+ 32. Kh2 Qe3 33.
Qxe7+ Kb6 34. Rf1 Qe2 35. Rf3 Ne3 36. Qxd6+ Kb7 37. Qc6+ Kb8 38. Qb6+ Ka8 39.
Qxe3 Qxb2 40. Rf2 Qf6 41. g5 hxg5 42. fxg5 Qh8+ 43. Kg3 Qe5+ 44. Kg4 Qd6 45.
Qf4 Qb4 46. Qf8+ 1-0

[Event "Cto Aragon Equipos Pref Gr II"]
[Site "Aragon"]
[Date "2018.03.03"]
[Round "6.68"]
[White "Sacristan Latorre, Carlos"]
[Black "Bailo Remacha, Santiago"]
[Result "1-0"]
[WhiteElo "1637"]
[BlackElo "1982"]
[PlyCount "115"]
[EventDate "2018.??.??"]
[EventType "tourn"]
[EventRounds "9"]
[EventCountry "ESP"]
[WhiteTeam "Palacio de Pioneros B"]
[BlackTeam "El Olivar B"]

1. e4 c5 2. Nf3 d6 3. d4 cxd4 4. Nxd4 Nf6 5. Nc3 a6 6. f3 g6 7. Bd2 Bg7 8. Nb3
b5 9. Bd3 Bb7 10. O-O O-O 11. a4 b4 12. Ne2 Nfd7 13. Rb1 Nc6 14. c3 Nc5 15.
Nbc1 b3 16. Bc4 Na5 17. Bd3 Nxa4 18. Be3 Nc5 19. Ra1 Bc6 20. Nd4 Ba4 21. Re1
Qd7 22. g3 e5 23. Nde2 f5 24. Kg2 Kh8 25. h3 fxe4 26. Bxe4 Nxe4 27. fxe4 Nc4
28. Ng1 Nxb2 29. Qe2 Bc6 30. Qxb2 Bxe4+ 31. Kh2 Bb7 32. h4 Qc6 33. Nh3 Rf3 34.
Nxb3 Qe4 35. Ng5 Qf5 36. Nxf3 Qxf3 37. Na5 Bd5 38. Qe2 Qe4 39. Bg5 Qxe2+ 40.
Rxe2 Bf3 41. Rd2 d5 42. Be3 Rc8 43. Rb1 h6 44. Rb3 h5 45. Nb7 d4 46. cxd4 Rc1
47. Bg1 Bd5 48. Rbb2 exd4 49. Na5 Kh7 50. Nb3 Rf1 51. Nxd4 Bh6 52. Re2 Bg7 53.
Re7 Kh6 54. Rd2 Bf6 55. Ra7 Rb1 56. Nf5+ gxf5 57. Rxd5 Ra1 58. Rd6 1-0

[Event "Cto Aragon Equipos Pref Gr II"]
[Site "Aragon"]
[Date "2018.03.03"]
[Round "6.69"]
[White "Martinez Cebolla, Alberto"]
[Black "Oms Pallisse, Josep"]
[Result "0-1"]
[WhiteElo "2087"]
[BlackElo "2431"]
[PlyCount "60"]
[EventDate "2018.??.??"]
[EventType "tourn"]
[EventRounds "9"]
[EventCountry "ESP"]
[WhiteTeam "Ibercaja B"]
[BlackTeam "Monzon A"]

1. e4 c5 2. Nf3 Nc6 3. Bb5 g6 4. c3 Nf6 5. e5 Nd5 6. O-O Bg7 7. Re1 O-O 8. d4
cxd4 9. cxd4 d6 10. h3 Nc7 11. Bxc6 bxc6 12. Qe2 Ne6 13. Nc3 Bb7 14. Ne4 c5 15.
exd6 exd6 16. dxc5 dxc5 17. Bg5 Nxg5 18. Nexg5 Qd5 19. Qd2 Rfe8 20. Rad1 Qxd2
21. Nxd2 Bxb2 22. Rxe8+ Rxe8 23. Rb1 Bc3 24. Rxb7 Bxd2 25. Nxf7 c4 26. g3 Rc8
27. f4 c3 28. Nh6+ Kf8 29. Rxh7 Rc6 30. Rf7+ Ke8 0-1

[Event "Cto Aragon Equipos Pref Gr II"]
[Site "Aragon"]
[Date "2018.03.03"]
[Round "6.70"]
[White "Barranco Mananet, Fernando"]
[Black "Jimenez Fernandez, Alejandro"]
[Result "0-1"]
[WhiteElo "2026"]
[BlackElo "1965"]
[PlyCount "152"]
[EventDate "2018.??.??"]
[EventType "tourn"]
[EventRounds "9"]
[EventCountry "ESP"]
[WhiteTeam "Monzon A"]
[BlackTeam "Ibercaja B"]

1. d4 f5 2. c4 Nf6 3. Nc3 e6 4. g3 d5 5. cxd5 exd5 6. Bg2 c6 7. f4 g6 8. Nf3
Bg7 9. O-O O-O 10. b3 Nbd7 11. Ba3 Re8 12. Rc1 Ne4 13. Na4 Qa5 14. Bb2 b5 15.
Nc3 Bb7 16. Nxe4 fxe4 17. Nd2 Qxa2 18. Qc2 Qa5 19. e3 Qb4 20. Bc3 Qd6 21. Ba5
Bf6 22. Bh3 Bd8 23. Qc3 Bb6 24. f5 g5 25. b4 Nf6 26. Nb3 g4 27. Bg2 Kg7 28. Rf4
h5 29. Nc5 Bxc5 30. Qxc5 Qxc5 31. bxc5 Kf7 32. h4 Rac8 33. Ra1 Ke7 34. Bf1 a6
35. Be2 Rf8 36. Raf1 Rf7 37. Bb6 Kd7 38. Kg2 Rcf8 39. Ba5 Kc8 40. Bb6 Kb8 41.
Ba5 Bc8 42. Bb6 Kb7 43. Ba5 Ng8 44. Bd1 Rxf5 45. Rxf5 Rxf5 46. Rxf5 Bxf5 47.
Kf2 Nh6 48. Be2 Nf7 49. Bd1 Kc8 50. Ke2 Nd8 51. Be1 Nb7 52. Kd2 Kb8 53. Kc3 Ka7
54. Kb4 a5+ 55. Kb3 Ka6 56. Be2 Bc8 57. Ka3 Ka7 58. Kb3 Ka6 59. Ka3 Nd8 60. Kb3
Ne6 61. Ka3 Ng7 62. Kb3 Nf5 63. Bf2 Ka7 64. Ka3 Ba6 65. Bd1 b4+ 66. Kb2 Bb5 67.
Ka2 Ka6 68. Kb2 a4 69. Bc2 Ka5 70. Bd1 a3+ 71. Ka2 Bc4+ 72. Kb1 b3 73. Be1+ Ka4
74. Bf2 Bd3+ 75. Ka1 Kb4 76. Be1+ Kc4 0-1

[Event "Cto Aragon Equipos Pref Gr II"]
[Site "Aragon"]
[Date "2018.03.03"]
[Round "6.71"]
[White "Millan Martin, Alfonso"]
[Black "Hidalgo Gracia, Andres"]
[Result "1/2-1/2"]
[WhiteElo "1931"]
[BlackElo "1774"]
[PlyCount "69"]
[EventDate "2018.??.??"]
[EventType "tourn"]
[EventRounds "9"]
[EventCountry "ESP"]
[WhiteTeam "Ibercaja B"]
[BlackTeam "Monzon A"]

1. d4 d5 2. c4 c6 3. cxd5 cxd5 4. Nc3 Nf6 5. Nf3 Nc6 6. Bf4 e6 7. e3 Be7 8. h3
a6 9. a3 b5 10. Ne5 Bb7 11. Nxc6 Bxc6 12. Bd3 O-O 13. O-O Rc8 14. Qd2 Qb6 15.
Na2 Ne4 16. Bxe4 dxe4 17. Rfc1 Bd5 18. Rxc8 Rxc8 19. Rc1 Rxc1+ 20. Nxc1 b4 21.
axb4 Bxb4 22. Qc2 f6 23. Nb3 Be7 24. Nc5 Kf7 25. Bg3 a5 26. Nxe4 Bxe4 27. Qxe4
Qxb2 28. d5 e5 29. Qf5 Qc1+ 30. Kh2 Qc5 31. Qd7 Qd6 32. Qb5 Qc5 33. Qd7 Qd6 34.
Qb5 Qc5 35. Qd7 1/2-1/2

[Event "Cto Aragon Equipos Pref Gr II"]
[Site "Aragon"]
[Date "2018.03.03"]
[Round "6.72"]
[White "Garreta Nieto, Maria"]
[Black "Villalba Embid, Marcos"]
[Result "1/2-1/2"]
[WhiteElo "1734"]
[BlackElo "1874"]
[PlyCount "90"]
[EventDate "2018.??.??"]
[EventType "tourn"]
[EventRounds "9"]
[EventCountry "ESP"]
[WhiteTeam "Monzon A"]
[BlackTeam "Ibercaja B"]

1. d4 Nf6 2. c4 g6 3. Nf3 Bg7 4. Nc3 O-O 5. Bg5 d6 6. e3 Nbd7 7. Be2 e5 8. O-O
h6 9. Bh4 g5 10. Bg3 e4 11. Nd2 Qe7 12. Qc2 Re8 13. Rac1 Nf8 14. Nd5 Qd8 15.
Nxf6+ Qxf6 16. Nxe4 Qg6 17. Bd3 f5 18. Nc3 h5 19. h3 h4 20. Bh2 g4 21. hxg4
Qxg4 22. Qe2 Qg6 23. Qf3 Nh7 24. Bf4 c6 25. Kh1 Ng5 26. Bxg5 Qxg5 27. Ne2 c5
28. b3 a5 29. a4 Ra6 30. Rfd1 Rb6 31. Bc2 Rc6 32. Nf4 Rc7 33. dxc5 dxc5 34. Rd6
Bf6 35. Rcd1 Rg7 36. Qh5 Rf8 37. Qxg5 Bxg5 38. Kg1 Bxf4 39. exf4 Rg4 40. Rd8
Be6 41. Rxf8+ Kxf8 42. Rd8+ Ke7 43. Rb8 Rxf4 44. Rxb7+ Kd6 45. Ra7 Rd4 1/2-1/2

[Event "División  Honor Aragonesa 2018 "]
[Site "Aragon"]
[Date "2018.03.10"]
[Round "7.1"]
[White "Salamero Pelay, Fernando"]
[Black "Forcen Esteban, Daniel"]
[Result "0-1"]
[WhiteElo "2155"]
[BlackElo "2541"]
[PlyCount "60"]
[EventDate "2018.??.??"]
[EventType "tourn"]
[EventRounds "10"]
[EventCountry "ESP"]
[WhiteTeam "Atletismo Huesca"]
[BlackTeam "Jaime Casas"]

1. e4 c5 2. d4 cxd4 3. c3 dxc3 4. Nxc3 Nc6 5. Nf3 d6 6. Bc4 a6 7. O-O Nf6 8. b4
Bg4 9. b5 Bxf3 10. gxf3 axb5 11. Nxb5 Ne5 12. Be2 g6 13. Qc2 Rc8 14. Qa4 Ned7
15. Rd1 Bg7 16. Rxd6 O-O 17. Rd1 Nxe4 18. fxe4 Bxa1 19. Bh6 Bg7 20. Bxg7 Kxg7
21. Na7 Ra8 22. Rxd7 Qb6 23. Qb5 Qxa7 24. Qe5+ Kg8 25. Bc4 Qa4 26. Rd4 e6 27.
h4 Qa5 28. Qf6 Qc3 29. h5 Ra5 30. Bd5 exd5 0-1

[Event "División  Honor Aragonesa 2018 "]
[Site "Aragon"]
[Date "2018.03.10"]
[Round "7.2"]
[White "Ramiro Ovejero, Juan Luis"]
[Black "Gella Lopez, Angel"]
[Result "1-0"]
[WhiteElo "2384"]
[BlackElo "2110"]
[PlyCount "87"]
[EventDate "2018.??.??"]
[EventType "tourn"]
[EventRounds "10"]
[EventCountry "ESP"]
[WhiteTeam "Jaime Casas"]
[BlackTeam "Atletismo Huesca"]

1. e4 c5 2. Nf3 e6 3. g3 Nc6 4. Bg2 Nf6 5. d3 d5 6. Qe2 Be7 7. O-O O-O 8. e5
Nd7 9. c4 d4 10. h4 h6 11. Re1 f6 12. exf6 Nxf6 13. Bh3 e5 14. Bxc8 Rxc8 15.
Nxe5 Nxe5 16. Qxe5 Bd6 17. Qf5 Qc7 18. Qh3 Rce8 19. Bd2 Rxe1+ 20. Bxe1 Qe7 21.
Nd2 Qe2 22. Qf1 Qe6 23. Qg2 b6 24. Ne4 Ng4 25. Bd2 Bb8 26. f4 Nf6 27. Re1 Nxe4
28. Qxe4 Qxe4 29. Rxe4 Kf7 30. h5 Re8 31. Rxe8 Kxe8 32. Kg2 Kf7 33. Kf3 g6 34.
hxg6+ Kxg6 35. g4 h5 36. f5+ Kf6 37. Bf4 hxg4+ 38. Kxg4 Be5 39. Bxe5+ Kxe5 40.
Kg5 b5 41. b3 bxc4 42. bxc4 a6 43. f6 Ke6 44. Kg6 1-0

[Event "División  Honor Aragonesa 2018 "]
[Site "Aragon"]
[Date "2018.03.10"]
[Round "7.3"]
[White "Laplaza Ara, Carlos"]
[Black "Gines Esteo, Pedro Antonio"]
[Result "0-1"]
[WhiteElo "1939"]
[BlackElo "2386"]
[PlyCount "90"]
[EventDate "2018.??.??"]
[EventType "tourn"]
[EventRounds "10"]
[EventCountry "ESP"]
[WhiteTeam "Atletismo Huesca"]
[BlackTeam "Jaime Casas"]

1. c4 e5 2. Nc3 d6 3. g3 g6 4. Bg2 Bg7 5. e4 h5 6. d3 h4 7. Nf3 h3 8. Bf1 Ne7
9. Be2 Nec6 10. Be3 Nd7 11. d4 exd4 12. Nxd4 Nc5 13. Nxc6 bxc6 14. Bd4 Bf6 15.
Qd2 Ne6 16. Bxf6 Qxf6 17. f4 g5 18. fxg5 Qxg5 19. O-O-O Rb8 20. Rhf1 Qxd2+ 21.
Rxd2 Nc5 22. Rf4 Be6 23. Kc2 a5 24. b3 a4 25. Nxa4 Nxa4 26. bxa4 Rb4 27. a5 Ke7
28. a3 Ra4 29. Rf3 Ra8 30. Rc3 R8xa5 31. Kb2 Rc5 32. Rd4 Kf6 33. Kb3 Ra8 34.
Rd2 Rb8+ 35. Ka2 Rcb5 36. g4 Rb1 37. Rxh3 d5 38. exd5 cxd5 39. Rh6+ Kg7 40.
Rxe6 fxe6 41. cxd5 exd5 42. h4 c5 43. Bd3 Rh1 44. h5 c4 45. Bc2 c3 0-1

[Event "División  Honor Aragonesa 2018 "]
[Site "Aragon"]
[Date "2018.03.10"]
[Round "7.4"]
[White "Fontana Sotomayor, Luis Javier"]
[Black "Vinuales Satue, Jose Antonio"]
[Result "1-0"]
[WhiteElo "2239"]
[BlackElo "1813"]
[PlyCount "65"]
[EventDate "2018.??.??"]
[EventType "tourn"]
[EventRounds "10"]
[EventCountry "ESP"]
[WhiteTeam "Jaime Casas"]
[BlackTeam "Atletismo Huesca"]

1. d4 d5 2. Nf3 Nf6 3. e3 e6 4. Bd3 Be7 5. O-O O-O 6. b3 Nbd7 7. Bb2 c5 8. Nbd2
a6 9. Ne5 Qc7 10. Qf3 b5 11. c4 bxc4 12. bxc4 Bb7 13. Qh3 cxd4 14. exd4 dxc4
15. Ndxc4 Bd5 16. Nxd7 Qxd7 17. Nb6 Qb7 18. Nxa8 Qxb2 19. Nc7 Qxd4 20. Nxd5
Qxd5 21. Bxa6 Ra8 22. Qd3 g6 23. a4 Qxd3 24. Bxd3 Ra5 25. Rfb1 Nd5 26. Rb5 Ra7
27. a5 Bf6 28. Ra3 Nc3 29. Rb8+ Kg7 30. a6 Rd7 31. Bf1 Rd1 32. Rxc3 Bxc3 33. a7
1-0

[Event "División  Honor Aragonesa 2018 "]
[Site "Aragon"]
[Date "2018.03.10"]
[Round "7.5"]
[White "Lana Rodriguez, David"]
[Black "Adla, Diego"]
[Result "0-1"]
[WhiteElo "2275"]
[BlackElo "2407"]
[PlyCount "61"]
[EventDate "2018.??.??"]
[EventType "tourn"]
[EventRounds "10"]
[EventCountry "ESP"]
[WhiteTeam "Agrupacion"]
[BlackTeam "St. Casablanca A"]

1. e4 c5 2. Nf3 e6 3. b3 a6 4. Bb2 Nc6 5. g3 d6 6. d4 cxd4 7. Nxd4 Nf6 8. Bg2
Qa5+ 9. Nd2 Nxd4 10. Bxd4 e5 11. Bb2 Bg4 12. f3 Bd7 13. O-O Rc8 14. Kh1 b5 15.
a4 Qb6 16. axb5 axb5 17. Re1 h5 18. Bf1 g5 19. Bd3 g4 20. f4 h4 21. gxh4 Rxh4
22. Nf1 Nh5 23. Qe2 Nxf4 24. Qe3 Qxe3 25. Rxe3 Nxd3 26. cxd3 Rc2 27. Ba3 f5 28.
Rae1 f4 29. R3e2 Rxe2 30. Rxe2 Rh3 31. Rd2 0-1

[Event "División  Honor Aragonesa 2018 "]
[Site "Aragon"]
[Date "2018.03.10"]
[Round "7.6"]
[White "Glavina, Pablo"]
[Black "Ramon Perez, Jose Luis"]
[Result "1/2-1/2"]
[WhiteElo "2394"]
[BlackElo "2215"]
[PlyCount "189"]
[EventDate "2018.??.??"]
[EventType "tourn"]
[EventRounds "10"]
[EventCountry "ESP"]
[WhiteTeam "St. Casablanca A"]
[BlackTeam "Agrupacion"]

1. c4 e5 2. Nc3 Nc6 3. e3 Bc5 4. Nf3 d6 5. d4 Bb4 6. Qc2 Bg4 7. d5 Bxc3+ 8.
Qxc3 Nce7 9. e4 Nf6 10. Nd2 c6 11. h3 Bd7 12. Be2 O-O 13. O-O Ng6 14. Re1 Qc7
15. Bf1 Rfc8 16. Qa3 cxd5 17. cxd5 b5 18. Qa6 Qb6 19. Qxb6 axb6 20. g3 Ra4 21.
f3 Nh5 22. Kf2 Ne7 23. Nb3 f5 24. Bg5 Kf7 25. Bd3 Nf6 26. Kg2 h6 27. Bd2 g5 28.
a3 f4 29. g4 Rh8 30. Bb4 Ne8 31. Nc1 Ra8 32. Ne2 Nc8 33. Rec1 Ke7 34. Rc2 Na7
35. Rac1 Rc8 36. Be1 Rxc2 37. Rxc2 Kd8 38. Bf2 Nc8 39. Nc3 Nc7 40. Na2 Na6 41.
b4 Nc7 42. Nc3 h5 43. Be2 Rh7 44. Ra2 hxg4 45. hxg4 Be8 46. Bd3 Rg7 47. Ra1 Rh7
48. Rc1 Bd7 49. Ne2 Ne8 50. Ng1 Nf6 51. Nh3 Rg7 52. Rh1 Kc7 53. Bc2 Kb7 54. Bb3
Na7 55. Bg1 Nc8 56. Rh2 Ne7 (56... Nxg4) (56... Nxe4) 57. Kf1 Nc8 58. Ke2 Be8
59. Bc2 Bd7 60. Bd3 Ne7 61. Kd2 Nc8 62. Kc3 Na7 63. Kb3 Nc8 64. Bf2 Ne7 65. Be2
Nc8 66. Rh1 Be8 67. Be1 Bd7 68. Rg1 Be8 69. Bc3 Bd7 70. Ka2 Ne7 71. Be1 Be8 72.
Rh1 Bd7 73. Kb3 Nc8 74. Kc3 Ne7 75. Nxg5 Rxg5 76. Bh4 Nfxd5+ 77. exd5 Nxd5+ 78.
Kd2 Rg7 79. Bd3 Bc6 80. g5 Ne3 81. g6 e4 82. fxe4 Rxg6 83. Bf2 Rg2 84. Rh7+ Kb8
85. Ke1 Nc4 86. Rf7 Ne5 87. Rf8+ Kc7 88. Be2 f3 89. Bxf3 Nxf3+ 90. Rxf3 Bxe4
91. Rg3 Rh2 92. Rg4 Bf3 93. Rf4 Rh3 94. Rh4 Rxh4 95. Bxh4 1/2-1/2

[Event "División  Honor Aragonesa 2018 "]
[Site "Aragon"]
[Date "2018.03.10"]
[Round "7.7"]
[White "Lacruz Algarate, Alvaro"]
[Black "Quintin Navarro, Alberto"]
[Result "0-1"]
[WhiteElo "2113"]
[BlackElo "2380"]
[PlyCount "105"]
[EventDate "2018.??.??"]
[EventType "tourn"]
[EventRounds "10"]
[EventCountry "ESP"]
[WhiteTeam "Agrupacion"]
[BlackTeam "St. Casablanca A"]

1. e4 c5 2. Nf3 d6 3. Bb5+ Nd7 4. O-O a6 5. Bxd7+ Bxd7 6. d4 cxd4 7. Qxd4 e5 8.
Qd3 h6 9. c4 Nf6 10. Nc3 Be7 11. Rd1 Qc7 12. b3 O-O 13. a4 Be6 14. Nd2 Nd7 15.
Nd5 Bxd5 16. Qxd5 Qc6 17. Ba3 Qxd5 18. cxd5 b5 19. Rac1 Nc5 20. Bxc5 dxc5 21.
Ra1 Rfc8 22. Ra2 c4 23. bxc4 bxc4 24. Rc2 (24. f3 c3 25. Nf1 Bb4) 24... c3 25.
Nb1 Bb4 26. f3 Bc5+ 27. Kf1 Bd4 28. Ke2 Rc4 29. Kd3 Rxa4 30. Nxc3 Ra3 31. Kd2
Rb8 (31... Rc8 32. Ne2) 32. Ne2 Bf2 33. Nc1 Rb1 34. d6 Rb7 35. Ke2 Bd4 36. Rc8+
Kh7 37. Rd3 Rxd3 38. Kxd3 Rd7 39. Rc6 Bb2 40. Nb3 Ba3 41. Rxa6 Bxd6 42. Ke2 f6
43. Nd2 Bc5 44. Ra2 (44. Ra3 h5) 44... h5 45. Rc2 Bd4 46. h3 Kg6 47. Nb3 Bb6
48. g4 h4 49. Nc1 Ra7 50. Nd3 Kg5 51. Rb2 Bd4 52. f4+ Kg6 53. Rc2 0-1

[Event "División  Honor Aragonesa 2018 "]
[Site "Aragon"]
[Date "2018.03.10"]
[Round "7.8"]
[White "Chueca Lorente, Javier"]
[Black "Moreno Martin-Viveros, Alvaro"]
[Result "1-0"]
[WhiteElo "2134"]
[BlackElo "2089"]
[PlyCount "47"]
[EventDate "2018.??.??"]
[EventType "tourn"]
[EventRounds "10"]
[EventCountry "ESP"]
[WhiteTeam "St. Casablanca A"]
[BlackTeam "Agrupacion"]

1. e4 c6 2. d4 d5 3. exd5 cxd5 4. c4 Nf6 5. Nc3 g6 6. Nf3 Bg7 7. cxd5 O-O 8.
Bc4 Nbd7 9. d6 exd6 10. O-O Nb6 11. Bb3 Bf5 12. Re1 d5 13. Bg5 Qd6 14. Ne5 a6
15. Qf3 Ne4 16. Nxe4 dxe4 17. Qg3 Be6 18. Rxe4 Bxb3 19. Qxb3 Qd5 20. Qxd5 Nxd5
21. Nd7 Rfe8 22. Rae1 Rxe4 23. Rxe4 h6 24. Bd2 {ILEGIBLE} 1-0